| 000 | 00551nam a2200217Ia 4500 | ||
|---|---|---|---|
| 003 | OSt | ||
| 005 | 20220928151100.0 | ||
| 006 | a|||||r|||| 00| 0 | ||
| 007 | ta | ||
| 008 | 220927b |||||||| |||| 00| 0 eng d | ||
| 024 | _a112352 | ||
| 037 | _cTextual | ||
| 040 |
_aSDCL _cSDCL _beng |
||
| 041 |
_2eng _aeng |
||
| 082 | _aO14925,3M09x, 111N4 | ||
| 100 |
_aCapek Karel _9423833 |
||
| 245 | 0 | _aTales from two pockets. | |
| 260 | _c1994 | ||
| 942 |
_hO14925,3M09x, 111N4 _cTEXL _2CC |
||
| 999 |
_c848957 _d848957 |
||